Taxation of Non-Resident Entertainers : (Record no. 613518)

MARC details
000 -LEADER
fixed length control field 00537nam a2200193 a 4500
008 - FIXED-LENGTH DATA ELEMENTS--GENERAL INFORMATION
fixed length control field 260220s1996##################000#0#eng##
020 ## - INTERNATIONAL STANDARD BOOK NUMBER
ISBN 9789041102850
082 04 - DEWEY DECIMAL CLASSIFICATION NUMBER
Classification number 336.242
Item number KLI
100 1# - MAIN ENTRY--AUTHOR NAME
Personal name Staff, International Fiscal Association,
245 10 - TITLE STATEMENT
Title Taxation of Non-Resident Entertainers :
260 ## - PUBLICATION, DISTRIBUTION, ETC. (IMPRINT)
Name of publisher Springer,
Year of publication 1996.
300 ## - PHYSICAL DESCRIPTION
Number of Pages 184 pages
650 #0 - SUBJECT ADDED ENTRY--TOPICAL TERM
Topical Term Business & Economics.
942 ## - ADDED ENTRY ELEMENTS (KOHA)
Koha item type English Books

No items available.

Find us on the map